| 000 | 00355nam a22001337a 4500 | ||
|---|---|---|---|
| 008 | 250306b |||||||| |||| 00| 0 eng d | ||
| 020 | _a9789395449106 | ||
| 050 |
_aSB736 _b.B35 |
||
| 100 | _aBalwan Walied Khawar | ||
| 245 | _aEssentials of Virology in Crop Production | ||
| 260 |
_aNew Delhi _bPinakin Publishing _c2023 |
||
| 300 | _axiv,318p | ||
| 942 | _cBK | ||
| 999 |
_c2113 _d2113 |
||